Movies Quiz

Random Movies or Oscar Quiz

Oscar winning films of the 2000's Quiz Stats

 Plays Quiz not verified by Sporcle

Support Sporcle.
Go Orange.
Score 0/99 Timer 10:00
0 Plays Today
Film % Correct
The Lord of the Rings: The Return of the King
91.4%
Gladiator
91%
The Hurt Locker
87.8%
No Country for Old Men
87.5%
Crash
87.1%
Slumdog Millionaire
87.1%
The Departed
85.1%
Chicago
84.7%
Million Dollar Baby
84.3%
A Beautiful Mind
82.7%
The Lord of the Rings: The Fellowship of the Ring
81.2%
Monster
80.8%
The Lord of the Rings: The Two Towers
79.6%
Brokeback Mountain
76.5%
Monster's Ball
76.1%
There Will Be Blood
76.1%
Avatar
75.7%
Erin Brockovich
74.5%
Mystic River
74.5%
Crazy Heart
72.9%
The Blind Side
72.5%
The Hours
72.2%
Milk
72.2%
The Queen
71.8%
Traffic
71.4%
The Aviator
71.4%
The Reader
70.6%
Training Day
70.2%
Capote
70.2%
The Dark Knight
70.2%
Ray
69.8%
The Last King of Scotland
69.8%
The Pianist
69.4%
Film % Correct
Walk the Line
68.2%
La Vie En Rose
67.5%
Precious
67.1%
Shrek
66.7%
Spirited Away
66.7%
Finding Nemo
66.7%
Ratatouille
66.7%
Wall-E
66.7%
Inglourious Basterds
66.3%
Little Miss Sunshine
64.7%
Michael Clayton
62.7%
Up
62%
Adaptation
61.6%
Syriana
61.2%
Dreamgirls
60.8%
Cold Mountain
60.4%
Pollock
58.4%
Juno
58.4%
Iris
58%
The Constant Gardener
58%
Vicky Cristina Barcelona
56.5%
Crouching Tiger, Hidden Dragon
55.7%
Atonement
54.9%
Sideways
54.5%
Moulin Rouge!
53.7%
The Curious Case of Benjamin Button
53.3%
Master and Commander: The Far Side of the World
52.2%
Gosford Park
50.6%
Lost in Translation
49.8%
Babel
47.8%
Letters from Iwo Jima
45.5%
Almost Famous
45.1%
Finding Neverland
44.7%
Film % Correct
Eternal Sunshine of the Spotless Mind
44.3%
Monsters, Inc
41.6%
8 Mile
40.8%
Hustle & Flow
37.3%
Spider-Man 2
36.9%
Memoirs of a Geisha
36.9%
Pan's Labyrinth
34.5%
Talk to Her
34.1%
The Incredibles
34.1%
Wallace & Gromit: The Curse of the Were-Rabbit
33.3%
Happy Feet
33.3%
King Kong
32.9%
Marie Antoinette
32.5%
The Young Victoria
32.2%
The Duchess
31.8%
Once
31.4%
Black Hawk Down
30.2%
Pirates of the Caribbean: Dead Man's Chest
29.4%
An Inconvenient Truth
28.6%
Sweeney Todd: The Demon Barber of Fleet Street
28.2%
Star Trek
28.2%
Elizabeth: The Golden Age
27.8%
Wonder Boys
27.5%
The Golden Compass
27.5%
Frida
26.7%
The Bourne Ultimatum
26.7%
The Motorcycle Diaries
25.9%
How the Grinch Stole Christmas
25.1%
Pearl Harbor
25.1%
Road to Perdition
23.5%
The Chronicles of Narnia: The Lion, the Witch and the Wardrobe
20%
U-571
18.4%
A Series of Unfortunate Events
13.7%

You're not logged in!

Compare scores with friends on all Sporcle quizzes.
OR
Log In

From the Vault

Rock Songs by Words in Movie Titles II

by MSUKent

Unfortunately for Nicolas Cage, 'The Rock' didn't actually make the cut.
Remove Ads.
Support Sporcle.
Get the best of Sporcle when you Go Orange. This ad-free experience offers more features, more stats, and more fun while also helping to support Sporcle. Thank you for becoming a member.

Show Comments

Extras

Created Feb 12, 2011ReportNominate
Tags:Oscar Quiz, 2000, Win, Winning

Top Quizzes Today


Score Distribution

Your Account Isn't Verified!

In order to create a playlist on Sporcle, you need to verify the email address you used during registration. Go to your Sporcle Settings to finish the process.

Report this User

Report this user for behavior that violates our Community Guidelines.

Details: